Statistiques concernant LES 20 PLUS GRANDES VILLES DES HAUTS DE FRANCE

Cliquez ici pour prendre le quiz!

Statistiques générales

  • Ce quiz a été pris 58 fois
  • Le résultat moyen est 12 sur 19

Statistiques - réponses

HintRéponse% Correct
236 710 hab.Lille
100%
98 892 hab.Roubaix
94%
86 788 hab.Dunkerque
91%
67 380 hab.Calais
87%
133 625 hab.Amiens
85%
42 600 hab.Arras
83%
99 011 hab.Tourcoing
81%
42 991 hab.Valenciennes
79%
56 677 hab.Beauvais
66%
52 958 hab.Saint Quentin
66%
39 648 hab.Douai
62%
49 110 hab.Boulogne-sur-Mer
53%
40 394 hab.Compiègne
49%
36 106 hab.Creil
49%
62 067 hab.Villeneuve-d'Ascq
47%
31 425 hab.Cambrai
45%
30 149 hab.Liévin
23%
39 356 hab.Marcq-en-Baroeul
23%
40 836 hab.Wattrelos
21%

Distribution des résultats

Percentile par nombre de réponses

% des personnes avec chaque résultat

Votre développement - résultats

Vous n’avez pas pris ce quiz